Hunsrück und Naheland : Entdeckunsfahrten zwischen Mosel, Nahe, Saar und Rhein /

Uložené v:
Podrobná bibliografia
Hlavný autor: Anhäuser, Uwe (Author)
Médium: Kniha
Jazyk:German
Vydané: Köln : DuMont Buchverlag, 1991
Vydanie:3. Aufl.
ISBN: 3-7701-2126-0
Fyzický popis: 359 S.
Tagy: Pridať tag
Žiadne tagy, Buďte prvý kto otaguje tento záznam!

MARC

LEADER 00000nam a2200000 a 4500
001 000480430
003 SVKK
005 20060316100634.0
008 060316s1991 e gero
020 |a 3-7701-2126-0 
040 |a KE001  |b ger 
080 |a 908  |2 undef 
100 1 |a Anhäuser, Uwe  |4 aut 
245 1 0 |a Hunsrück und Naheland :  |b Entdeckunsfahrten zwischen Mosel, Nahe, Saar und Rhein /  |c Uwe Anhäuser 
250 |a 3. Aufl. 
260 |a Köln :  |b DuMont Buchverlag,  |c 1991 
300 |a 359 S. 
850 |a KE001 
998 |a KN 
992 |a ASP 
090 |g SCKGI  |k Študovňa GI  |a 908 ANH  |j 1959/93  |i G2720003342  |s Vyradená